000 00563nam a2200241 a 4500
001 nice12345678
003 IN_TiNIC
005 20260116011535.0
008 050524s1939 laha grp 000 0 urd
020 _a
_c100
082 0 0 _a297.09
_bHAM
100 _aHameed, K A
245 _aMusalmanane-alam.
260 _aLahore
_bShaikh Ghulam Ali and Sons
_c1939
300 _a488p.
500 _aincludes index and biblioraphy
505 2 _aIndex
650 _aIslam-History
700 1 _aHameed, K A
902 _bSRS
942 _cBK
999 _c2448
_d2448